000 00567nam a22001937a 4500
005 20251108165542.0
008 250721s1994 xx 000 0 ara d
082 1 4 _aط/155.4/علي
100 1 _aسليمان، علي
245 1 0 _aدور الاسرة في تربية الابناء /
264 1 _aالقاهرة :
_bشركة سفير،
_c1994.
300 _a71ص0
490 0 _aابناؤنا :سلسلة سفير التربية ،11
650 1 7 _aالطفل
650 1 7 _aالأطفال
650 1 7 _aالتربية
942 _2ddc
_cBK
999 _c30580
_d30580